000 00303nam a22001337a 4500
008 180920b xxu||||| |||| 00| 0 eng d
020 _a9781556644306
041 _aeng
080 _25 ED
_a610.73
100 _a2
101 _aNUR
245 _aMedical Susrgical Nursing
_cLewis H
942 _2udc
_cBK
999 _c48111
_d48111